Biochemistry and clinical pathology : (Record no. 127545)

MARC details
000 -LEADER
fixed length control field 00763nam a22002417a 4500
005 - DATE AND TIME OF LATEST TRANSACTION
control field 20170124110027.0
010 ## - LIBRARY OF CONGRESS CONTROL NUMBER
LC control number A-735821
020 ## - INTERNATIONAL STANDARD BOOK NUMBER
Terms of availability 00.00
International Standard Book Number 8123902891
035 ## - SYSTEM CONTROL NUMBER
System control number A-735821
037 ## - SOURCE OF ACQUISITION
Source of stock number/acquisition Cen Lib/Ret
040 ## - CATALOGING SOURCE
Original cataloging agency DPL
Language of cataloging EN
082 ## - DEWEY DECIMAL CLASSIFICATION NUMBER
Classification number 574.192
Item number PIL
100 ## - MAIN ENTRY--PERSONAL NAME
Personal name Pillai, K. K.
9 (RLIN) 20791
245 ## - TITLE STATEMENT
Title Biochemistry and clinical pathology :
Statement of responsibility, etc by K. K. Pillai [and] J. S. Qadry
Remainder of title theory and practicla /
260 ## - PUBLICATION, DISTRIBUTION, ETC. (IMPRINT)
Place of publication, distribution, etc Delhi
Name of publisher, distributor, etc CBS Publishers
Date of publication, distribution, etc 1994
270 ## - ADDRESS
City Delhi
Address 485, Jain Bhawan, Bhola Nath Nagar, Shahdara
Postal code 110032
300 ## - PHYSICAL DESCRIPTION
Extent xi,172p.
Dimensions 20cm(Hb)
500 ## - GENERAL NOTE
General note Includes index<br/><br/>
650 ## - SUBJECT ADDED ENTRY--TOPICAL TERM
Topical term or geographic name as entry element Clinical biochemistry
9 (RLIN) 20792
650 ## - SUBJECT ADDED ENTRY--TOPICAL TERM
Topical term or geographic name as entry element Pathology
9 (RLIN) 20793
700 ## - ADDED ENTRY--PERSONAL NAME
Personal name Qadry, J. S.
9 (RLIN) 20794
942 ## - ADDED ENTRY ELEMENTS (KOHA)
Source of classification or shelving scheme Dewey Decimal Classification
Koha item type English Books
Classification part 574.192
Call number suffix PIL
Holdings
Withdrawn status Lost status Damaged status Not for loan Home library Current library Date acquired Source of acquisition Cost, normal purchase price Total Checkouts Total Renewals Full call number Barcode Date last seen Date checked out Copy number Cost, replacement price Price effective from Koha item type
        Central Library Central Library 29/06/2015 Cen Lib/Ret 0.00 10 8 574.192 PIL A-735821 18/11/2022 28/09/2022 1 0.00 29/06/2015 English Books

© Delhi Public Library
Hit Counter
free hit counter